Женщина в общественном производстве при социализме: экономико-демографический аспект

Dettagli Bibliografici
Autore principale: Кунгурова Н. И.
Lingua:russo
Pubblicazione: Москва, Финансы и статистика, 1983
Soggetti:
Natura: MixedMaterials Libro
KOHA link:https://koha.lib.tpu.ru/cgi-bin/koha/opac-detail.pl?biblionumber=304060

MARC

LEADER 00000nam0a2200000 4500
001 304060
005 20231102001650.0
020 |a RU  |b 83-23263 
035 |a (RuTPU)RU\TPU\book\329295 
090 |a 304060 
100 |a 20150909d1983 k y0rusy5003 ca 
101 0 |a rus 
102 |a RU 
105 |a y z 000zy 
200 1 |a Женщина в общественном производстве при социализме: экономико-демографический аспект  |f Н. И. Кунгурова 
210 |a Москва  |c Финансы и статистика  |d 1983 
215 |a 166 с. 
606 1 |a Женский труд в СССР  |2 stltpush  |3 (RuTPU)RU\TPU\subj\10805  |9 37829 
610 1 |a экономика 
610 1 |a социализм 
610 1 |a общественное производство 
610 1 |a женская занятость 
610 1 |a народонаселение 
610 1 |a материнство 
610 1 |a трудовая деятельность 
686 |a У9(2)249.2  |v LBC/SL-A  |2 rubbk 
700 1 |a Кунгурова  |b Н. И. 
801 0 |a RU  |b RuMRKP  |c 19950704  |g psbo 
801 1 |a RU  |b 63413507  |c 20150909 
801 2 |a RU  |b 63413507  |c 20230125  |g RCR 
942 |c BK